00758nam a22002297a 4500003000500000005001700005008004100022010001100063011001100074035001100085040000900096082001500105100002300120245005700143260003600200300001100236505020600247650002400453650001000477650002300487650001800510CHAP20220329143918.0120815s1973 ag a r 00010 spa d a103634 a104606 a115296 cCHAP04a306.7bS1200aSagrera, Martín.10aSociología de la sexualidadc/por Martín Sagrera aBuenos Aires :bSiglo XX,c1973 a222 p.0 aI. Sociología de la sexualidad. -- II. Control natal y revolución. -- Apéndice : manifiesto sobre la explosión poblacional en los Estados Unidos y en el mundo. -- III. Sadomasoquismo y sociedad14aEducación sexual.14aSexo.14aSexualidad humana.14aSociología.